[Event "Düsseldorfer SK 2 - Langenfelder SF 1"]
[Site "NRW-Liga - Gruppe 1 2021/2022"]
[Date "2022.01.30"]
[Round "5.2"]
[White "Stark, Lars"]
[Black "Kurth, Justus"]
[Result "1/2-1/2"]
[WhiteElo "2376"]
[BlackElo "2205"]
[PlyCount "130"]
[EventDate "2022.??.??"]
[SourceVersionDate "2020.03.16"]
[WhiteTeam "Düsseldorfer SK 2"]
[BlackTeam "Langenfelder SF 1"]

1. c4 c6 2. Nf3 d5 3. g3 Bg4 4. Bg2 e6 5. O-O Nd7 6. cxd5 exd5 7. d3 Ngf6 8.
Nc3 Bc5 9. Qb3 Bb6 10. Na4 O-O 11. Nxb6 axb6 12. h3 Bh5 13. Qc2 Re8 14. Re1 Nc5
15. e3 Bg6 16. Rd1 h6 17. b3 Nfd7 18. Bb2 f6 19. Qe2 Qe7 20. Bc3 Ra7 21. b4 Ne6
22. a4 Rea8 23. Qc2 Nc7 24. Nh4 Bh7 25. Nf3 b5 26. a5 Re8 27. Nd4 Kh8 28. a6
Rxa6 29. Rxa6 Nxa6 30. Qb2 Ne5 31. e4 dxe4 32. dxe4 Nc4 33. Qb3 Rd8 34. Re1 Nc7
35. Kh2 Qf7 36. Ra1 Ne6 37. Nxe6 Qxe6 38. Re1 Bg8 39. e5 fxe5 40. Be4 Qf7 41.
Qc2 Rd2 42. Bxd2 Qxf2+ 43. Kh1 Nxd2 44. Rd1 Nxe4 45. Qxe4 Qxg3 46. Rd3 Bd5 47.
Rxg3 Bxe4+ 48. Kh2 Bd5 49. Ra3 Kh7 50. Ra7 Kg6 51. Rxb7 Kf6 52. Kg3 g6 53. Rh7
h5 54. h4 Ke6 55. Rh8 Be4 56. Rd8 Ke7 57. Rc8 Kd7 58. Rf8 Bf5 59. Rf6 Be4 60.
Rf8 Ke6 61. Rd8 Ke7 62. Rg8 Bf5 63. Kf3 Kd6 64. Rd8+ Kc7 65. Re8 Kd6 1/2-1/2

[Event "Düsseldorfer SK 2 - Langenfelder SF 1"]
[Site "NRW-Liga - Gruppe 1 2021/2022"]
[Date "2022.01.30"]
[Round "5.3"]
[White "Vogelmann, Peter"]
[Black "Hainke, Guntram"]
[Result "0-1"]
[WhiteElo "2098"]
[BlackElo "2292"]
[PlyCount "54"]
[EventDate "2022.??.??"]
[SourceVersionDate "2020.03.16"]
[WhiteTeam "Langenfelder SF 1"]
[BlackTeam "Düsseldorfer SK 2"]

1. e4 c6 2. d4 d5 3. exd5 cxd5 4. c4 Nf6 5. Nc3 e6 6. Nf3 Bb4 7. cxd5 Nxd5 8.
Qc2 Nd7 9. Bd3 N7f6 10. O-O O-O 11. Bg5 h6 12. Nxd5 Qxd5 13. Bxf6 gxf6 14. a3
Bd6 15. Rfe1 Bd7 16. Re4 f5 17. Rh4 Kg7 18. Re1 Rac8 19. Qd2 Rh8 20. Ne5 Be7
21. Qf4 Bxh4 22. Qxh4 Bc6 23. Bf1 Qd8 24. Qh5 Rc7 25. Re3 Qxd4 26. Nxf7 Rxf7
27. Rxe6 Qg4 0-1

[Event "Düsseldorfer SK 2 - Langenfelder SF 1"]
[Site "NRW-Liga - Gruppe 1 2021/2022"]
[Date "2022.01.30"]
[Round "5.4"]
[White "von Buenau, Heinrich"]
[Black "Huelsmann, Josef"]
[Result "1-0"]
[WhiteElo "2129"]
[BlackElo "2140"]
[PlyCount "63"]
[EventDate "2022.??.??"]
[SourceVersionDate "2020.03.16"]
[WhiteTeam "Düsseldorfer SK 2"]
[BlackTeam "Langenfelder SF 1"]

1. c4 e5 2. g3 c6 3. Bg2 d5 4. cxd5 cxd5 5. d4 e4 6. Nc3 Be6 7. f3 exf3 8. Nxf3
Nc6 9. O-O Be7 10. e4 dxe4 11. Nxe4 Nf6 12. Nc5 Bd5 13. Kh1 O-O 14. Be3 Re8 15.
Bg1 b6 16. Nd3 Bd6 17. Nh4 Bxg2+ 18. Kxg2 Bf8 19. Nf3 Qd5 20. Nf4 Qd6 21. Qb3
Rad8 22. Rae1 g6 23. Ng5 Qd7 24. Nfe6 fxe6 25. Rxf6 Qd5+ 26. Qxd5 Rxd5 27.
Rfxe6 Rxe6 28. Nxe6 Bb4 29. Re4 Kf7 30. Nf4 Rb5 31. a4 Ra5 32. d5 1-0

[Event "Düsseldorfer SK 2 - Langenfelder SF 1"]
[Site "NRW-Liga - Gruppe 1 2021/2022"]
[Date "2022.01.30"]
[Round "5.5"]
[White "Pejkovic, Patrick Slavko"]
[Black "Luncescu, Christian"]
[Result "1-0"]
[WhiteElo "2058"]
[BlackElo "2109"]
[PlyCount "113"]
[EventDate "2022.??.??"]
[SourceVersionDate "2020.03.16"]
[WhiteTeam "Langenfelder SF 1"]
[BlackTeam "Düsseldorfer SK 2"]

1. Nf3 Nf6 2. g3 g6 3. Bg2 Bg7 4. O-O O-O 5. c4 c6 6. d4 d5 7. Nc3 Ne4 8. Qb3
dxc4 9. Qxc4 Be6 10. Qd3 Nd6 11. Rd1 Na6 12. Bf4 Nb4 13. Qd2 Nd5 14. Nxd5 Bxd5
15. Bh6 Nc4 16. Qc1 Bxh6 17. Qxh6 Bxf3 18. Bxf3 Nxb2 19. Rdb1 Nc4 20. Rxb7 Qxd4
21. Qc1 Ne5 22. Bg2 Ng4 23. e3 Qf6 24. Qb2 Qxb2 25. Rxb2 Rab8 26. Rc2 Rfc8 27.
h3 Ne5 28. Rd1 Rb4 29. Rd4 Rxd4 30. exd4 Nd3 31. Rc3 Nb4 32. a3 Na6 33. d5 c5
34. d6 Nb8 35. dxe7 Re8 36. Rxc5 Kg7 37. Rc7 a6 38. Rb7 Kf6 39. Bd5 a5 40. f4
h6 41. Kf2 g5 42. Kf3 gxf4 43. Kxf4 h5 44. Bc4 Rxe7 45. Rxb8 Rc7 46. Rb6+ Kg7
47. Bb5 h4 48. Rc6 Rb7 49. a4 hxg3 50. Kxg3 Re7 51. Ra6 f6 52. Rxa5 Kg6 53. Ra8
Re3+ 54. Kg2 Kg5 55. Rg8+ Kf4 56. Rg4+ Kf5 57. Rg3 1-0

[Event "Düsseldorfer SK 2 - Langenfelder SF 1"]
[Site "NRW-Liga - Gruppe 1 2021/2022"]
[Date "2022.01.30"]
[Round "5.6"]
[White "Mueller, Michael"]
[Black "Reinemer, Frank"]
[Result "1/2-1/2"]
[WhiteElo "2118"]
[BlackElo "2083"]
[PlyCount "84"]
[EventDate "2022.??.??"]
[SourceVersionDate "2020.03.16"]
[WhiteTeam "Düsseldorfer SK 2"]
[BlackTeam "Langenfelder SF 1"]

1. e4 Nf6 2. e5 Nd5 3. d4 d6 4. Nf3 g6 5. Bc4 Nb6 6. Bb3 Bg7 7. O-O O-O 8. Qe2
Bg4 9. e6 d5 10. Nbd2 Bxe6 11. Re1 Nc6 12. c3 Bg4 13. h3 Bxf3 14. Nxf3 h6 15.
Bf4 e6 16. Rad1 a6 17. Bc2 Nd7 18. g4 Re8 19. Qd2 Kh7 20. Kg2 f5 21. c4 Nf6 22.
gxf5 exf5 23. Rxe8 Qxe8 24. Ne5 Ne4 25. Qe3 Rd8 26. cxd5 Nxe5 27. dxe5 Bxe5 28.
Bxh6 Bxb2 29. Rb1 Bg7 30. Bxg7 Kxg7 31. Rxb7 Qe5 32. Bxe4 fxe4 33. Qg3 Qxg3+
34. Kxg3 Rxd5 35. Rxc7+ Kh6 36. Rc4 Rd3+ 37. Kg4 Ra3 38. Rc2 e3 39. f4 Rd3 40.
Re2 Ra3 41. h4 Ra5 42. Kf3 Ra3 1/2-1/2

[Event "Düsseldorfer SK 2 - Langenfelder SF 1"]
[Site "NRW-Liga - Gruppe 1 2021/2022"]
[Date "2022.01.30"]
[Round "5.7"]
[White "Wolfradt, Dirk"]
[Black "Zimmermann, Rolf"]
[Result "0-1"]
[WhiteElo "2040"]
[BlackElo "2100"]
[PlyCount "122"]
[EventDate "2022.??.??"]
[SourceVersionDate "2020.03.16"]
[WhiteTeam "Langenfelder SF 1"]
[BlackTeam "Düsseldorfer SK 2"]

1. e4 c6 2. d4 d5 3. f3 g6 4. e5 h5 5. Bd3 Bh6 6. Ne2 Bxc1 7. Qxc1 Nh6 8. Qg5
Bf5 9. Bxf5 Nxf5 10. e6 Qd6 11. exf7+ Kxf7 12. Nbc3 Qf6 13. Qd2 Nd7 14. O-O-O
e5 15. g4 Nxd4 16. Nxd4 exd4 17. Qxd4 Qxd4 18. Rxd4 Rae8 19. h4 Ne5 20. Ra4 a6
21. Rb4 b5 22. b3 Kg7 23. Rh3 Ref8 24. gxh5 c5 25. Rg4 Nxg4 26. fxg4 gxh5 27.
Rg3 hxg4 28. Rxg4+ Kf6 29. Nxd5+ Ke5 30. Ne7 Kd6 31. Ng6 Rfg8 32. Rg2 Rh6 33.
Rd2+ Kc7 34. Ne5 Rg1+ 35. Kb2 Rd6 36. Rf2 Rdd1 37. c3 b4 38. cxb4 cxb4 39. Kc2
Rc1+ 40. Kd3 Rc3+ 41. Kd4 Rd1+ 42. Ke4 Rh1 43. Kd5 Rd1+ 44. Ke4 Rh3 45. Rf7+
Kc8 46. Rf8+ Rd8 47. Rf4 Rd2 48. Kf5 a5 49. Kg4 Rh1 50. Kg5 Rxa2 51. Ng4 Ra3
52. Nf2 Rg1+ 53. Kf6 Rxb3 54. h5 Rc3 55. Ne4 Rc6+ 56. Ke5 Kb7 57. Rh4 Rg8 58.
h6 Re8+ 59. Kf5 Rh8 60. h7 Kb6 61. Ng5 Rf8+ 0-1

[Event "Düsseldorfer SK 2 - Langenfelder SF 1"]
[Site "NRW-Liga - Gruppe 1 2021/2022"]
[Date "2022.01.30"]
[Round "5.8"]
[White "Niemers, Johannes"]
[Black "Weisshaupt, Rainer"]
[Result "1-0"]
[WhiteElo "1857"]
[BlackElo "1976"]
[PlyCount "35"]
[EventDate "2022.??.??"]
[SourceVersionDate "2020.03.16"]
[WhiteTeam "Düsseldorfer SK 2"]
[BlackTeam "Langenfelder SF 1"]

1. b3 e5 2. Bb2 Nc6 3. g3 Nf6 4. Bg2 d5 5. d3 Bd6 6. e3 O-O 7. Ne2 Be6 8. Nd2
Qd7 9. h3 Rad8 10. a3 a5 11. g4 Ne8 12. Ng3 e4 13. dxe4 Bxg3 14. fxg3 d4 15.
exd4 Nxd4 16. Nf3 Nxf3+ 17. Bxf3 Qb5 18. Qxd8 1-0

[Event "Elberfelder SG 1 - SV Mülheim-Nord 3"]
[Site "NRW-Liga - Gruppe 1 2021/2022"]
[Date "2022.01.30"]
[Round "5.1"]
[White "Zatonskih, V..."]
[Black "Odendahl, Reiner"]
[Result "1/2-1/2"]
[WhiteElo "2283"]
[BlackElo "2280"]
[PlyCount "29"]
[EventDate "2022.??.??"]
[SourceVersionDate "2020.03.16"]
[WhiteTeam "SV Mülheim-Nord 3"]
[BlackTeam "Elberfelder SG 1"]

1. d4 e6 2. e4 d5 3. Nd2 c5 4. Ngf3 cxd4 5. exd5 Qxd5 6. Bc4 Qd6 7. O-O Nf6 8.
Nb3 Nc6 9. Nbxd4 Nxd4 10. Qxd4 Qxd4 11. Nxd4 a6 12. Be2 e5 13. Nb3 Be6 14. Na5
O-O-O 15. Nc4 1/2-1/2

[Event "Elberfelder SG 1 - SV Mülheim-Nord 3"]
[Site "NRW-Liga - Gruppe 1 2021/2022"]
[Date "2022.01.30"]
[Round "5.2"]
[White "Hintze, Helge"]
[Black "Walter, Andreas"]
[Result "1/2-1/2"]
[WhiteElo "2259"]
[BlackElo "2202"]
[Annotator "daniel"]
[PlyCount "171"]
[EventDate "2022.??.??"]
[SourceVersionDate "2020.03.16"]
[WhiteTeam "Elberfelder SG 1"]
[BlackTeam "SV Mülheim-Nord 3"]

1. c4 c6 2. g3 d5 3. Nf3 Nf6 4. Bg2 Bg4 5. O-O e6 6. d3 Nbd7 7. cxd5 exd5 8.
Nc3 Bc5 9. h3 Bh5 10. e4 dxe4 11. dxe4 O-O 12. g4 Bg6 13. Qe2 Re8 14. e5 Bb4
15. Bf4 Bxc3 16. bxc3 Nd5 17. Bh2 Nc5 18. Qb2 Qa5 19. c4 Nb6 20. Nh4 Bd3 21.
Rfd1 Nxc4 22. Qc1 Be2 23. Re1 Nd3 24. Qxc4 Nxe1 25. Qxe2 Nxg2 26. Kxg2 Rad8 27.
Nf3 Qd5 $11 28. Qb2 c5 29. Bf4 Re6 30. Re1 Ra6 31. Re2 Qc6 32. Rd2 Rxd2 33.
Qxd2 h6 34. Qd8+ Kh7 35. Qe7 Qd5 36. e6 f6 37. Qd7 Qxe6 38. Qxb7 Rxa2 39. Qb1+
Kg8 40. Qb8+ Kh7 41. Qb1+ Kg8 42. Be3 Ra5 43. Qb8+ Kh7 44. Qc7 Rb5 45. Qxa7 Qd5
46. Qa4 c4 47. Qc2+ Kh8 48. Kg3 Rb3 49. Nd2 Rd3 50. Nxc4 Rd1 51. f3 Qd3 52.
Qxd3 Rxd3 53. Kf2 Rc3 54. Nd6 Rc6 55. Nf5 Rc2+ 56. Kg3 Kh7 57. h4 Ra2 58. h5
Ra8 59. Bd4 Rb8 60. Ne7 Re8 61. Bc5 Ra8 62. Kf4 Ra4+ 63. Ke3 Rc4 64. Bd4 Rc7
65. Ng6 Rb7 66. Ke4 Kg8 67. f4 Kf7 68. f5 Rb1 69. Nf4 Re1+ 70. Be3 Rb1 71. Ne6
Rb8 72. Bc5 Ra8 73. Bd6 Ra4+ 74. Kf3 Ra8 75. Bc5 Rc8 76. Ke4 Ra8 77. Bd6 Ra4+
78. Kf3 Ra8 79. Bc5 Rc8 80. Ke4 Ra8 81. Bf8 Rxf8 82. Nxf8 Kxf8 83. Kd5 Kg8 84.
Ke6 Kh7 85. Kf7 Kh8 86. Kf8 1/2-1/2

[Event "Elberfelder SG 1 - SV Mülheim-Nord 3"]
[Site "NRW-Liga - Gruppe 1 2021/2022"]
[Date "2022.01.30"]
[Round "5.3"]
[White "Oltmanns, Jan"]
[Black "Dresen, Ulrich"]
[Result "1/2-1/2"]
[WhiteElo "2045"]
[BlackElo "2175"]
[PlyCount "136"]
[EventDate "2022.??.??"]
[SourceVersionDate "2020.03.16"]
[WhiteTeam "SV Mülheim-Nord 3"]
[BlackTeam "Elberfelder SG 1"]

1. e4 e5 2. Nf3 Nc6 3. Bc4 Bc5 4. c3 Nf6 5. d3 a6 6. O-O d6 7. Nbd2 Ba7 8. Bb3
O-O 9. h3 Ne7 10. Re1 Ng6 11. Nf1 c6 12. d4 h6 13. Ng3 Re8 14. Be3 Qc7 15. Qd2
exd4 16. Nxd4 Nxe4 17. Nxe4 Rxe4 18. Bxh6 d5 19. Rxe4 dxe4 20. Bg5 Bd7 21. Re1
Re8 22. Bc2 c5 23. Ne2 Bb8 24. Ng3 f5 25. Qd1 Be6 26. Nf1 Qf7 27. f3 exf3 28.
Qxf3 Ne5 29. Qf2 c4 30. Bf4 Bd7 31. Bxe5 Bxe5 32. Nd2 g6 33. Nxc4 Bc7 34. Rxe8+
Qxe8 35. Bb3 Kh7 36. Qh4+ Kg7 37. Qd4+ Kh7 38. Qh4+ Kg7 39. Qf2 Bb5 40. Nd2 Bc6
41. Bd1 Qd8 42. Qe2 Qd6 43. Nf3 Bxf3 44. Qxf3 Qd2 45. Qe2 Qd6 46. Kf1 Qf4+ 47.
Ke1 Qg5 48. Qf3 Bg3+ 49. Ke2 Qe7+ 50. Kd3 Qd6+ 51. Kc2 b5 52. Qd3 Qc7 53. Bf3
Be5 54. Qd5 b4 55. Qb7 Qxb7 56. Bxb7 bxc3 57. b4 a5 58. bxa5 Kf6 59. a6 Bd4 60.
a7 Bxa7 61. Kxc3 Ke5 62. a4 f4 63. Kd3 g5 64. a5 Bb8 65. Bf3 Bc7 66. a6 Bb6 67.
Kc4 Kd6 68. Kb5 Ba7 1/2-1/2

[Event "Elberfelder SG 1 - SV Mülheim-Nord 3"]
[Site "NRW-Liga - Gruppe 1 2021/2022"]
[Date "2022.01.30"]
[Round "5.4"]
[White "Volkov, Mykyta"]
[Black "Limbourg, Philipp"]
[Result "1/2-1/2"]
[WhiteElo "2189"]
[BlackElo "2208"]
[PlyCount "31"]
[EventDate "2022.??.??"]
[SourceVersionDate "2020.03.16"]
[WhiteTeam "Elberfelder SG 1"]
[BlackTeam "SV Mülheim-Nord 3"]

1. d4 Nf6 2. c4 c5 3. d5 b5 4. cxb5 a6 5. e3 e6 6. Nc3 exd5 7. Nxd5 Bb7 8.
Nxf6+ Qxf6 9. Nf3 Be7 10. bxa6 Nxa6 11. Be2 Nb4 12. a3 Be4 13. O-O Nc2 14. Rb1
Ne1 15. Ra1 Nc2 16. Rb1 1/2-1/2

[Event "Elberfelder SG 1 - SV Mülheim-Nord 3"]
[Site "NRW-Liga - Gruppe 1 2021/2022"]
[Date "2022.01.30"]
[Round "5.5"]
[White "Mainusch, Martin"]
[Black "Kurr, Gerd"]
[Result "0-1"]
[WhiteElo "1951"]
[BlackElo "2124"]
[PlyCount "140"]
[EventDate "2022.??.??"]
[SourceVersionDate "2020.03.16"]
[WhiteTeam "SV Mülheim-Nord 3"]
[BlackTeam "Elberfelder SG 1"]

1. Nf3 Nf6 2. g3 c5 3. Bg2 Nc6 4. c4 g6 5. b3 Bg7 6. Bb2 O-O 7. O-O d6 8. d4
cxd4 9. Nxd4 Bd7 10. Nc3 Nxd4 11. Qxd4 Bc6 12. Nd5 Ne8 13. Qd2 Bxb2 14. Qxb2 e6
15. Nf4 Bxg2 16. Kxg2 Qb6 17. h4 Rc8 18. Rad1 Rxc4 19. Rd2 Qc6+ 20. f3 Rc3 21.
Rfd1 d5 22. h5 Ng7 23. hxg6 hxg6 24. g4 Rc8 25. Qa3 Qc5 26. Qxc5 R3xc5 27. e4
dxe4 28. Rd8+ Ne8 29. fxe4 Kf8 30. Rxc8 Rxc8 31. Rd7 Rc7 32. Rxc7 Nxc7 33. e5
Ke7 34. g5 Nd5 35. Ne2 Nb4 36. Nc1 Kd7 37. Kf3 Kc6 38. Ke4 Kb5 39. Ke3 b6 40.
Ke4 a5 41. Kf3 a4 42. Ke4 axb3 43. axb3 Na6 44. Nd3 Nc5+ 45. Kd4 Nxb3+ 46. Kc3
Nc5 47. Nf2 Kc6 48. Kd4 b5 49. Ng4 b4 50. Nh6 b3 51. Kc3 Kd5 52. Nxf7 Ke4 53.
Kb2 Kf5 54. Kc3 Ne4+ 55. Kxb3 Nxg5 56. Nh6+ Kxe5 57. Kc2 Kf4 58. Kd2 Ne4+ 59.
Ke2 g5 60. Kf1 Kg3 61. Nf7 g4 62. Ne5 Ng5 63. Nd3 Kh2 64. Nf2 g3 65. Ng4+ Kh3
66. Ne3 Nf3 67. Ng2 e5 68. Ne3 Kh2 69. Ng4+ Kh1 70. Ne3 e4 0-1

[Event "Elberfelder SG 1 - SV Mülheim-Nord 3"]
[Site "NRW-Liga - Gruppe 1 2021/2022"]
[Date "2022.01.30"]
[Round "5.6"]
[White "Boos, Markus"]
[Black "Grodotzki, Kenneth"]
[Result "1/2-1/2"]
[WhiteElo "2172"]
[BlackElo "1957"]
[PlyCount "156"]
[EventDate "2022.??.??"]
[SourceVersionDate "2020.03.16"]
[WhiteTeam "Elberfelder SG 1"]
[BlackTeam "SV Mülheim-Nord 3"]

1. d4 f5 2. g3 Nf6 3. Bg2 g6 4. Nf3 Bg7 5. O-O O-O 6. b3 d6 7. Bb2 Qe8 8. c4 h6
9. Nc3 Qf7 10. Qd3 Nc6 11. d5 Nb4 12. Qd2 a5 13. Nd4 Rb8 14. a3 Na6 15. Ncb5
Ne4 16. Qxa5 c5 17. dxc6 bxc6 18. Na7 Bxd4 19. Bxd4 e5 20. Nxc8 Rfxc8 21. Qxa6
exd4 22. Rfd1 Nc5 23. Qa5 Nxb3 24. Qa4 Nxa1 25. Bxc6 Rxc6 26. Qxc6 Nb3 27. Qxd6
Rc8 28. Kg2 Qb7+ 29. Kg1 Qc6 30. Qf4 Qxc4 31. Qxh6 Rc6 32. Qg5 Qd5 33. g4 Rd6
34. Qe7 Qe6 35. Qxe6+ Rxe6 36. gxf5 gxf5 37. Kf1 Ra6 38. e3 Rxa3 39. Rd3 Ra1+
40. Kg2 Rb1 41. exd4 Kf7 42. Kf3 Kf6 43. Kf4 Rb2 44. f3 Nc1 45. Ra3 Rb6 46. Ra8
Ne2+ 47. Ke3 Re6+ 48. Kd3 Nf4+ 49. Kc4 Rc6+ 50. Kb5 Rc3 51. Rf8+ Kg6 52. h4 Rc2
53. Rd8 Kf7 54. Rd6 Ne6 55. Kb6 Rc3 56. h5 Rxf3 57. Kc6 Ra3 58. Rd7+ Kf6 59. h6
Rc3+ 60. Kd5 Nf4+ 61. Kd6 Rd3 62. h7 Rxd4+ 63. Kc6 Rxd7 64. h8=Q+ Rg7 65. Qh4+
Ke5 66. Qe1+ Kf6 67. Qc3+ Kf7 68. Qe5 Rg6+ 69. Kd7 Nh5 70. Qxf5+ Nf6+ 71. Kd8
Rg4 72. Kc7 Re4 73. Kc6 Re6+ 74. Kb5 Re4 75. Qf3 Re5+ 76. Kc4 Re4+ 77. Kd3 Re7
78. Kd4 Re4+ 1/2-1/2

[Event "Elberfelder SG 1 - SV Mülheim-Nord 3"]
[Site "NRW-Liga - Gruppe 1 2021/2022"]
[Date "2022.01.30"]
[Round "5.7"]
[White "Roitburd, Talik"]
[Black "Tymura, Achim"]
[Result "1-0"]
[WhiteElo "1995"]
[BlackElo "2036"]
[PlyCount "79"]
[EventDate "2022.??.??"]
[SourceVersionDate "2020.03.16"]
[WhiteTeam "SV Mülheim-Nord 3"]
[BlackTeam "Elberfelder SG 1"]

1. e4 c5 2. Nf3 Nc6 3. Bb5 Na5 4. d4 a6 5. Be2 cxd4 6. Qxd4 d6 7. Nc3 e5 8. Qd3
Nf6 9. Bg5 Be7 10. Rd1 Be6 11. Bxf6 gxf6 12. Nd5 Rc8 13. c3 Nc4 14. Qc2 Nb6 15.
Ne3 Qc7 16. Nh4 Bxa2 17. Nhf5 Be6 18. Ng7+ Kd7 19. Nxe6 fxe6 20. Qb3 h5 21. h4
Qc6 22. Rh3 Na4 23. f3 Nc5 24. Qa2 Qa4 25. Qb1 Qc6 26. Qc2 b5 27. g4 hxg4 28.
Nxg4 Rcg8 29. h5 Rg5 30. h6 Rh7 31. Kf1 Qb6 32. b4 Na4 33. Qb3 Ke8 34. Qxe6 Rg6
35. Rh1 Nxc3 36. Qc8+ Kf7 37. Qxc3 Rh8 38. Qb3+ Kf8 39. Rc1 Qb7 40. Qe6 1-0

[Event "Elberfelder SG 1 - SV Mülheim-Nord 3"]
[Site "NRW-Liga - Gruppe 1 2021/2022"]
[Date "2022.01.30"]
[Round "5.8"]
[White "Fuchs, Thomas"]
[Black "Kremer, Moritz"]
[Result "1/2-1/2"]
[WhiteElo "1914"]
[BlackElo "1905"]
[PlyCount "61"]
[EventDate "2022.??.??"]
[SourceVersionDate "2020.03.16"]
[WhiteTeam "Elberfelder SG 1"]
[BlackTeam "SV Mülheim-Nord 3"]

1. d4 d5 2. Bf4 Nf6 3. e3 e6 4. Nd2 Bd6 5. Bg3 b6 6. c3 Bb7 7. Bd3 Nbd7 8. Ngf3
Ne4 9. a4 Nxd2 10. Qxd2 Nf6 11. Ne5 O-O 12. Qe2 a5 13. f4 Ne4 14. Qh5 f5 15.
Bh4 Qc8 16. Qe2 Bxe5 17. fxe5 Ba6 18. Bxa6 Qxa6 19. Qxa6 Rxa6 20. Ke2 Raa8 21.
Rhf1 g5 22. Be1 h5 23. c4 c6 24. Rc1 Rfc8 25. Bd2 Kf7 26. Rc2 Ke7 27. Rfc1 Kd7
28. cxd5 cxd5 29. Rxc8 Rxc8 30. Rxc8 Kxc8 31. Be1 1/2-1/2

[Event "SF Essen-Werden 1 - SG Bünde 1"]
[Site "NRW-Liga - Gruppe 1 2021/2022"]
[Date "2022.05.29"]
[Round "6.2"]
[White "Kauch, Markus"]
[Black "Brunke, Pascal"]
[Result "1/2-1/2"]
[WhiteElo "2142"]
[BlackElo "2022"]
[PlyCount "35"]
[EventDate "2022.??.??"]
[SourceVersionDate "2020.03.16"]
[WhiteTeam "SF Essen-Werden 1"]
[BlackTeam "SG Bünde 1"]

1. Nf3 c5 2. e3 d5 3. c4 e6 4. b3 Nf6 5. Bb2 Be7 6. Be2 O-O 7. O-O b6 8. cxd5
Nxd5 9. d4 Bf6 10. Nbd2 Nc6 11. Ne4 cxd4 12. Nxf6+ Qxf6 13. Nxd4 Nxd4 14. Qxd4
Qxd4 15. Bxd4 Bb7 16. Rac1 Rac8 17. a3 Rfd8 18. Bf3 1/2-1/2

[Event "SF Essen-Werden 1 - SG Bünde 1"]
[Site "NRW-Liga - Gruppe 1 2021/2022"]
[Date "2022.05.29"]
[Round "6.3"]
[White "Kettler, Ilija Jonas"]
[Black "Roth, Markus"]
[Result "1-0"]
[WhiteElo "2074"]
[BlackElo "2170"]
[PlyCount "53"]
[EventDate "2022.??.??"]
[SourceVersionDate "2020.03.16"]
[WhiteTeam "SG Bünde 1"]
[BlackTeam "SF Essen-Werden 1"]

1. e4 e6 2. d4 d5 3. e5 c5 4. c3 Nc6 5. Nf3 Bd7 6. Be2 Nge7 7. O-O Rc8 8. dxc5
Ng6 9. b4 Ncxe5 10. Nxe5 Nxe5 11. Na3 Be7 12. Nb5 a6 13. Bf4 Bxb5 14. Bxb5+
axb5 15. Bxe5 O-O 16. a4 bxa4 17. Rxa4 Bf6 18. Bd6 Be7 19. Bxe7 Qxe7 20. Ra7
Rfd8 21. Qa4 e5 22. c6 Rc7 23. b5 Rdc8 24. Ra1 h6 25. Ra8 Rxa8 26. Qxa8+ Kh7
27. g3 1-0

[Event "SF Essen-Werden 1 - SG Bünde 1"]
[Site "NRW-Liga - Gruppe 1 2021/2022"]
[Date "2022.05.29"]
[Round "6.4"]
[White "ter Steeg, Marcus"]
[Black "Brunke, Christian"]
[Result "1/2-1/2"]
[WhiteElo "1998"]
[BlackElo "2107"]
[PlyCount "51"]
[EventDate "2022.??.??"]
[SourceVersionDate "2020.03.16"]
[WhiteTeam "SF Essen-Werden 1"]
[BlackTeam "SG Bünde 1"]

1. d4 f5 2. g3 Nf6 3. Bg2 g6 4. c3 Bg7 5. Nd2 d6 6. Ndf3 Nc6 7. d5 Ne5 8. Nh3
O-O 9. Nf4 Nxf3+ 10. Bxf3 Qe8 11. Qb3 a6 12. a4 h6 13. Qc4 g5 14. Nd3 Qd8 15.
h4 b5 16. Qb3 g4 17. Bg2 bxa4 18. Rxa4 Bd7 19. Ra3 Nh5 20. O-O a5 21. Bd2 a4
22. Qc2 Rb8 23. e3 Qe8 24. c4 Kh8 25. Bc3 Qf7 26. Nf4 1/2-1/2

[Event "SF Essen-Werden 1 - SG Bünde 1"]
[Site "NRW-Liga - Gruppe 1 2021/2022"]
[Date "2022.05.29"]
[Round "6.5"]
[White "Fuhlrott, Tim"]
[Black "Huette, Stefan"]
[Result "1/2-1/2"]
[WhiteElo "1996"]
[BlackElo "2008"]
[Annotator "daniel"]
[PlyCount "47"]
[EventDate "2022.??.??"]
[SourceVersionDate "2020.03.16"]
[WhiteTeam "SG Bünde 1"]
[BlackTeam "SF Essen-Werden 1"]

1. e4 e6 2. d4 d5 3. Nd2 dxe4 4. Nxe4 Bd7 5. Nf3 Bc6 6. Bd3 Nd7 7. O-O Ngf6 8.
Qe2 Nxe4 9. Bxe4 Bxe4 10. Qxe4 c6 11. Bf4 Nf6 12. Qe2 Bd6 13. Bxd6 Qxd6 14. a4
Rd8 15. Rfd1 O-O 16. a5 Nd7 $11 17. c3 Rfe8 18. Qc4 Qc7 19. b4 a6 20. Rd2 Qf4
21. Qe2 Qf5 22. Re1 Qb5 23. Kf1 Nf6 24. Ne5 1/2-1/2

[Event "SF Essen-Werden 1 - SG Bünde 1"]
[Site "NRW-Liga - Gruppe 1 2021/2022"]
[Date "2022.05.29"]
[Round "6.6"]
[White "Claussen, Uwe"]
[Black "Altenbernd, Jannis-Domenik"]
[Result "1/2-1/2"]
[WhiteElo "1973"]
[BlackElo "1995"]
[PlyCount "41"]
[EventDate "2022.??.??"]
[SourceVersionDate "2020.03.16"]
[WhiteTeam "SF Essen-Werden 1"]
[BlackTeam "SG Bünde 1"]

1. c4 Nf6 2. Nc3 e6 3. g3 d5 4. Bg2 c6 5. b3 Bc5 6. e3 d4 7. Na4 dxe3 8. dxe3
Qxd1+ 9. Kxd1 Be7 10. Bb2 O-O 11. Nf3 Na6 12. Nc3 Ng4 13. Ke2 f6 14. h3 Nh6 15.
Rhd1 e5 16. Rd2 Be6 17. Rad1 Nf7 18. Nb1 Nc5 19. Rc2 Bf5 20. Rcc1 Rfd8 21. Ne1
1/2-1/2

[Event "SF Essen-Werden 1 - SG Bünde 1"]
[Site "NRW-Liga - Gruppe 1 2021/2022"]
[Date "2022.05.29"]
[Round "6.7"]
[White "Moradi Kahlou, Benjamin"]
[Black "Rehfeldt, Jens"]
[Result "1/2-1/2"]
[WhiteElo "1955"]
[BlackElo "1977"]
[PlyCount "32"]
[EventDate "2022.??.??"]
[SourceVersionDate "2020.03.16"]
[WhiteTeam "SG Bünde 1"]
[BlackTeam "SF Essen-Werden 1"]

1. c4 b6 2. e4 Bb7 3. Nc3 e6 4. Nge2 d6 5. g3 Nd7 6. Bg2 Be7 7. d4 e5 8. d5 h5
9. h3 h4 10. g4 Bg5 11. Bxg5 Qxg5 12. Qd2 Qxd2+ 13. Kxd2 O-O-O 14. Nc1 Ne7 15.
Nd3 Ng6 16. b4 Rde8 1/2-1/2

[Event "SF Essen-Werden 1 - SG Bünde 1"]
[Site "NRW-Liga - Gruppe 1 2021/2022"]
[Date "2022.05.29"]
[Round "6.8"]
[White "Mann, Gergely"]
[Black "Hagemeier, Ulrich"]
[Result "1/2-1/2"]
[WhiteElo "1948"]
[BlackElo "2004"]
[PlyCount "40"]
[EventDate "2022.??.??"]
[SourceVersionDate "2020.03.16"]
[WhiteTeam "SF Essen-Werden 1"]
[BlackTeam "SG Bünde 1"]

1. e4 c6 2. d4 d5 3. e5 Bf5 4. h4 h6 5. g4 Bd7 6. Be3 e6 7. f4 Qb6 8. Nd2 c5 9.
Ngf3 Nc6 10. Nb3 c4 11. Nc5 Bxc5 12. dxc5 Qxb2 13. Rb1 Qa3 14. Kf2 O-O-O 15.
Rh3 Nge7 16. Nd4 Nxd4 17. Bxd4 Qa5 18. Qc1 Nc6 19. Ra3 Qc7 20. c3 Rdf8 1/2-1/2

[Event "Kölner SK Dr. Lasker 1 - SF Lieme 1"]
[Site "NRW-Liga - Gruppe 1 2021/2022"]
[Date "2022.05.29"]
[Round "6.1"]
[White "Wittke, Rene"]
[Black "Paris, Michael"]
[Result "1-0"]
[WhiteElo "2273"]
[BlackElo "2214"]
[PlyCount "69"]
[EventDate "2022.??.??"]
[SourceVersionDate "2020.03.16"]
[WhiteTeam "SF Lieme 1"]
[BlackTeam "Kölner SK Dr. Lasker 1"]

1. d4 d5 2. c4 e6 3. Nc3 c5 4. e3 Nf6 5. Nf3 Nc6 6. dxc5 Bxc5 7. cxd5 exd5 8.
Be2 O-O 9. O-O a6 10. a3 Be6 11. b4 Ba7 12. Bb2 d4 13. exd4 Nxd4 14. Nxd4 Qxd4
15. Bf3 Qh4 16. g3 Qh3 17. Bg2 Qf5 18. Qf3 Qg6 19. Ne4 Nxe4 20. Qxe4 Rad8 21.
Qxb7 Rd7 22. Qxa6 Qc2 23. Be5 Bc4 24. Qc6 Rfd8 25. Kh1 Qb3 26. Rac1 Be6 27. Qf3
Rd3 28. Qf4 Bd5 29. Qg5 Bxg2+ 30. Kxg2 f6 31. Bxf6 Qd5+ 32. Qxd5+ R8xd5 33. Rc7
Rd7 34. Rxd7 Rxd7 35. Bg5 1-0

[Event "Kölner SK Dr. Lasker 1 - SF Lieme 1"]
[Site "NRW-Liga - Gruppe 1 2021/2022"]
[Date "2022.05.29"]
[Round "6.2"]
[White "Lindam, Ingo"]
[Black "Niermann, Tristan"]
[Result "0-1"]
[WhiteElo "2153"]
[BlackElo "2206"]
[PlyCount "42"]
[EventDate "2022.??.??"]
[SourceVersionDate "2020.03.16"]
[WhiteTeam "Kölner SK Dr. Lasker 1"]
[BlackTeam "SF Lieme 1"]

1. d4 Nf6 2. Bg5 d5 3. Nd2 c5 4. Bxf6 gxf6 5. e3 e5 6. Qh5 Nc6 7. Bb5 Qb6 8. c4
cxd4 9. exd4 Rg8 10. Ngf3 Rxg2 11. O-O-O Bg4 12. Qxh7 dxc4 13. Bxc4 O-O-O 14.
Qxf7 Bxf3 15. Nxf3 Rxf2 16. Nd2 Qxd4 17. Kb1 Rxd2 18. Rxd2 Qxd2 19. Qxf6 Bc5
20. Rc1 Be3 21. Be6+ Kb8 0-1